La muerte en el pensamiento de Gabriel Marcel : Perseo contra la Medusa /

Detalles Bibliográficos
Autor principal: Ramírez, Yefrey Antonio (Autor)
Formato: Electrónico eBook
Lenguaje:español
Publicado: Bogotá : Editorial Uniagustiniana, 2022.
Colección:Humanidades (Editorial Uniagustiniana). Investigación.
Materias:
Acceso en línea:Digitalia Hispánica

MARC

LEADER 00000nam a2200000Ii 4500
001 DIGUAGANA0025
003 NyNyDIG
006 m o d
007 cr |||||||||||
008 250303s2022 ck ob 000 0 spa d
035 |a (OCoLC)1475658015 
040 |a DGITA  |b eng  |e rda  |e pn  |c DGITA 
020 |a 9789585498686  |q (digital) 
020 |z 9789585498679  |q (impreso) 
024 7 |a https://doi.org/10.28970/9789585498686 
050 1 4 |a B2430.M253 ebook 
100 1 |a Ramírez, Yefrey Antonio,  |e author. 
245 1 3 |a La muerte en el pensamiento de Gabriel Marcel :  |b Perseo contra la Medusa /  |c Yefrey Antonio Ramírez. 
246 1 |i English title on cover:  |a Death in the thought of Gabriel Marcel :  |b Peseus against the Medusa 
264 1 |a Bogotá :  |b Editorial Uniagustiniana,  |c 2022. 
300 |a 1 online resource. 
336 |a text  |b txt  |2 rdacontent 
337 |a computer  |b c  |2 rdamedia 
338 |a online resource  |b cr  |2 rdacarrier 
347 |a text file  |2 rdaft 
347 |b PDF 
490 1 |a Colección Humanidades. Investigación 
504 |a Includes bibliographical references. 
588 0 |a Online resource; title from PDF title page (Digitalia, viewed March 3, 2025) 
600 1 0 |a Marcel, Gabriel,  |d 1889-1973  |x Criticism and interpretation. 
650 0 |a Death  |x Philosophy. 
650 0 |a Theater  |x Philosophy. 
776 0 8 |i Print version:  |a Ramírez, Yefrey Antonio.  |t Muerte en el pensamiento de Gabriel Marcel.  |d Bogotá : Editorial Uniagustiniana, 2022  |z 9789585498679 
791 2 |a Digitalia (Firm),  |e distributor. 
793 0 |g Digitalia eBook Collection:  |a Editorial Uniagustiniana 
830 0 |a Humanidades (Editorial Uniagustiniana).  |p Investigación. 
856 4 0 |3 Digitalia Hispánica  |u https://www.digitaliapublishing.com/a/162822/ 
910 |a Premium collection: 2025